Salty dogs

Engaging photos show dogs swimming, playing, romping, surfing, and lounging in the water and on the sand. Featuring dogs of varying pedigrees and personalities, including German Shepherds, Golden Retrievers, mutts, and the photographer's own beloved Jack Russell Terrier, this book captures and...

ver descrição completa

Na minha lista:
Detalhes bibliográficos
Autor principal: Fogle, Jean M.
Formato: Livro
Idioma:Undetermined
Publicado em: Hoboken, NJ Wiley 2007
Assuntos:
Tags: Adicionar Tag
Sem tags, seja o primeiro a adicionar uma tag!
Thư viện lưu trữ: Trung tâm Học liệu Trường Đại học Cần Thơ
LEADER 00863nam a2200205Ia 4500
001 CTU_165943
008 210402s9999 xx 000 0 und d
020 |c 14.99 
082 |a 636.700222 
082 |b F656 
100 |a Fogle, Jean M. 
245 0 |a Salty dogs 
245 0 |c Jean M. Fogle 
260 |a Hoboken, NJ 
260 |b Wiley 
260 |c 2007 
520 |a Engaging photos show dogs swimming, playing, romping, surfing, and lounging in the water and on the sand. Featuring dogs of varying pedigrees and personalities, including German Shepherds, Golden Retrievers, mutts, and the photographer's own beloved Jack Russell Terrier, this book captures and preserves utter, unadulterated canine bliss and spontaneity. 
650 |a Chó,Bãi biển,Dogs,Beaches 
904 |i Bich Tram 
980 |a Trung tâm Học liệu Trường Đại học Cần Thơ